000 00608nam a22002177a 4500
003 UA-OsUOA
001 68621
007 ta
008 20100510b un ||||| |||| 00| 0 ukr d
100 _aГорецький М.
090 _a82
_bГ68
942 _cSA
040 _aUA-OsUOA
_bukr
_cUA-OsUOA
_dUA-OsUOA
245 _aМикола Зеров. 26 квітня минуло 120-ліття від дня народження митця
300 _aС.5
955 _a0
041 _aukr
080 _a82
773 0 _w68620
650 7 _a82 Література. Літературознавство
_2UDC
999 _c354876
_d354876